Most Populated Cities in the South - Statistics

General Stats
  • This quiz has been taken 36 times
  • The average score is 21 of 30
Answer Stats
Population City % Correct
498,175 Atlanta
100%
1,304,379 Dallas
100%
2,304,580 Houston
100%
442,241 Miami
100%
961,855 Austin
97%
383,997 New Orleans
97%
949,611 Jacksonville
94%
1,434,625 San Antonio
94%
689,447 Nashville
91%
384,959 Tampa
91%
633,104 Memphis
88%
678,815 El Paso
85%
307,573 Orlando
85%
874,579 Charlotte
82%
918,915 Fort Worth
82%
633,045 Louisville
82%
467,665 Raleigh
79%
459,470 Virginia Beach
73%
322,570 Lexington
70%
283,506 Durham
61%
299,035 Greensboro
58%
317,863 Corpus Christi
52%
394,266 Arlington
48%
249,545 Winston-Salem
48%
258,308 St Petersburg
42%
257,141 Lubbock
33%
255,205 Laredo
30%
285,494 Plano
27%
249,422 Chesapeake
24%
256,684 Irving
24%
No matching quizzes found
Score Distribution
Percent of People with Each Score
Percentile by Number Answered
Your Score History
You have not taken this quiz